Instituciones estalladas /
Guardado en:
| Hovedforfatter: | |
|---|---|
| Institution som forfatter: | |
| Andre forfattere: | |
| Format: | Texto |
| Udgivet: |
Buenos Aires:
Eudeba
|
| Udgivelse: | 2 |
| Fag: | |
| Tags: |
Tilføj Tag
Ingen Tags, Vær først til at tagge denne postø!
|
MARC
| LEADER | 00000 a a2200000 04500 | ||
|---|---|---|---|
| 001 | 30254 | ||
| 003 | |||
| 040 | |a CRAI/IIS |c CRAI/IIS | ||
| 020 | |a 950-23-0901-4 | ||
| 090 | |a 194504 | ||
| 100 | |a Fernández, Ana María | ||
| 110 | |a UBA | ||
| 245 | |a Instituciones estalladas / |c Ana María Fernández | ||
| 250 | |a 2 | ||
| 260 | |a Buenos Aires: |b Eudeba | ||
| 300 | |a 458 p. | ||
| 650 | |a CAMBIO SOCIAL | ||
| 650 | |a CAMBIO ECONOMICO | ||
| 650 | |a CAMBIO TECNOLOGICO | ||
| 650 | |a FORMACION PROFESIONAL | ||
| 650 | |a MERCADO DE TRABAJO | ||
| 700 | |a comp. | ||
| 999 | |c 17747 |d 17747 | ||



